000 00308nam a22001457a 4500
008 210604b ||||| |||| 00| 0 eng d
020 _a9780558382698
041 _aeng
080 _a510
082 _a510
100 _a36
101 _aMAT
245 _aIntermediate Algebra
_cGay,E.M
942 _2udc
_cBK
999 _c57946
_d57946